000 00333nam a2200109Ia 4500
008 180430s9999 xx 000 0 und d
020 _a9786218029071
100 _aMillan, Zeus Vernon B.
245 _aFinancial accounting & reporting /
_bFundamentals /
260 _aBaguio City:
_bBandolin Enterprise
_c2018
300 _aiii, 574 pages
999 _c356387
_d356387